| 000 | 00719nam a22002055i 4500 | ||
|---|---|---|---|
| 001 | 169927 | ||
| 003 | ES-MaACL | ||
| 005 | 20250716062539.0 | ||
| 008 | 081222q1890 fr |||| | fre d | ||
| 100 | 1 |
_aCarré, Michel. _9138040 |
|
| 245 | 1 | 0 |
_aHamlet : _bopéra en cinq actes / _cparoles de Michel Carré et Jules Barbier ; musique de Ambroise Thomas. |
| 260 |
_aParis : _bCalmann-Lévy, _c[ca. 1890] |
||
| 300 |
_a60 p. ; _c18 cm. |
||
| 650 | 4 |
_aÓperas- _vLibretos. _9137584 |
|
| 700 | 1 |
_aBarbier, Jules. _925457 |
|
| 700 | 1 |
_aThomas, Ambroise. _9138039 |
|
| 700 | 1 |
_aShakespeare, William, _d1564-1616 _9105992 |
|
| 852 | 4 |
_aES-MaACL _j2245-F-15 _z- Biblioteca Jacinto Martínez Lacalle |
|
| 999 |
_c169927 _d169927 |
||